000 00470nam a22001337a 4500
008 230629b xxu||||| |||| 00| 0 eng d
020 _a8890007729
082 _a346.013
_bPET
100 _cDr. Oskar Peterlini
245 _aAutonomy and the Protection of Ethnic Minorities in trntino- South Tyrol
_bAn overview of the History, law and politics
260 _aItaly
_bThe presidum of the Regional Parliament Trentino -south Tyrol
_c1977
300 _a309p
942 _2ddc
_cBK
999 _c3108
_d3108